000 00333 a2200157 4500
001 49656
020 _a
040 _cAnchieta - Bela Vista
100 _aHeine, Palmira
240 1 0 _aMeu planeta azul
_lpor
245 1 0 _aMeu planeta azul
300 _a23
362 0 _a2007
650 4 _aLiteratura infanto-juvenil
942 _cBK
999 _c49656
_d49656